000
00307nam a2200121Ia 4500
005
20260328101510.0
008
260328s9999||||xx |||||||||||||| ||und||
100
_a
Alazard, Jules
245
0
_a
Dans l'oeuvre de Le Corbusier /
_c
Jules Alazard
260
_b
Redigee Avec
650
_a
Corbusier, Le
942
_c
BK
999
_c
9161
_d
9161